000 01761aam a2200361 i 4500
001 768714001
003 CO-MdFUSB
005 20250416164349.0
007 ta
008 231024t20122012spa||||g |||| 00| 0 spa d
020 _a9788468304014
040 _aCO-MdFUSB
_bspa
_cCO-MdFUSB
_dCO-MdFUSBC
_erda
041 _aspa
082 _223
_a863
_bAG283
100 _aAguilera, Juan Miguel,
_eautor
245 _aOceanum
_c/ Juan Miguel Aguilera , Rafael Marín ; editado por Elena Valencia
250 _aPrimera edición
264 1 _aBarcelona, España :
_bEdebé,
_c[2012]
264 4 _c©2012
300 _a382 páginas
_c; 21 cm
336 _2rdacontent
_atexto
_btxt
337 _2rdamedia
_asin mediación
_bn
338 _2rdacarrier
_avolumen
_bnc
490 _aPeriscopio
504 _aIncluye índice
520 _aJavier, Nelli y Gabriel no esperaban verse sorprendidos por una tormenta el día que deciden ir en barco a la Fosa de las Caimán, para controlar y estudiar el estado en el que se encuentran los arrecifes y el coral. Un fenómeno muy extraño tiene lugar y son trasladados a un mundo paralelo poblado de seres increíbles. Allí conocen a otros humanos que como ellos se vieron atrapados en este mundo hostil llamado Oceanum, como el científico Edmond, que lleva años buscando la manera de volver a la Tierra; o el guerrero Espinosa y sus ocho bellas hijas. La vida en Oceanum no es fácil y menos para los recién llegados que desearán escapar en seguida, pero… ¿cómo? ¡Nunca nadie antes ha conseguido regresar a casa!
563 _aRústico.
650 7 _aLiteratura española
_2embne
_97089
700 _98833
_aMarín, Rafael,
_eautor
700 _98834
_aValencia, Elena,
_eeditor
942 _cBK
945 _asor1564
999 _c69207
_d69207